Pokémon - La capacité Léchouille - Statistiques

Statistiques générales
  • Ce quiz a été pris 18 fois
  • Le résultat moyen est 11 sur 31
Statistiques - réponses
Niveaux Pokémon % Correct
Départ Excelangue
100%
Départ Coudlangue
94%
Départ Fantominus
94%
Départ Ectoplasma
88%
Départ Spectrum
88%
Départ Lippoutou
47%
Niveau 13 Granbull
41%
Départ Lippouti
41%
Niveau 13 Snubbull
41%
Départ Goinfrex
35%
Départ Ronflex
35%
Départ Aflamanoir
29%
Niveau 10 Amphinobi
29%
Niveau 10 Croâporal
29%
Niveau 10 Grenousse
29%
Départ Kecleon
29%
Départ Teddiursa
29%
Départ Ursaring
29%
Niveau 7 Feuillajou
24%
Départ Feuiloutan
24%
Niveau 7 Flamajou
24%
Départ Flamoutan
24%
Niveau 7 Flotajou
24%
Départ Flotoutan
24%
Niveau 6 Séviper
18%
Départ Félinferno
12%
Niveau 6 Flamiaou
12%
Départ Ixon
12%
Départ Linéon de Galar
12%
Départ Matoufeu
12%
Niveau 6 Zigzaton de Galar
12%
Aucun quiz correspondant
Distribution des résultats
% des personnes avec chaque résultat
Percentile par nombre de réponses
Votre historique - résultats
Vous n’avez pas pris ce quiz